| 000 | 00558cam a2200181 a 4500 | ||
|---|---|---|---|
| 020 | _a9780534514211 | ||
| 040 |
_aDLC _cDLC |
||
| 082 | 0 | 0 |
_a153 _221 |
| 100 | 1 | _aSternberg, Robert J. | |
| 245 | 1 | 0 |
_aCognitive psychology _cRobert J.Sternberg |
| 250 | _a4th ed. | ||
| 260 |
_aAustralia ; _aBelmont, CA : _bThomson/Wadsworth, _cc2006. |
||
| 300 |
_axxviii, 595 p. : _bill. ; _c24 cm. |
||
| 504 | _aIncludes bibliographical references (p. 538-578) and indexes. | ||
| 650 | 0 |
_aCognitive psychology _vTextbooks. |
|
| 700 | 1 | _aMio, Jeffery Scott, | |
| 942 |
_2ddc _cBK |
||
| 999 |
_c11453 _d11453 |
||